| 000 | 00427pab a2200169 454500 | ||
|---|---|---|---|
| 008 | 180718b2002 xxu||||| |||| 00| 0 eng d | ||
| 100 | _aChaoyang Peng et al. | ||
| 245 | _aUrban air quality and health in China | ||
| 260 | _c2002 | ||
| 300 | _ap.2283-299. | ||
| 362 | _aNov | ||
| 650 | _aHealth services - China | ||
| 650 | _aAir pollution - China | ||
| 650 | _aAir pollution | ||
| 773 | _aUrban Studies | ||
| 909 | _a54465 | ||
| 999 |
_c54465 _d54465 |
||